Great City Flags: Non-US Edition - Statistics

General Stats
  • This quiz has been taken 41 times
  • The average score is 28 of 36
Answer Stats
Picture Hint Answer % Correct
Netherlands Amsterdam
97%
Belgium Brussels
95%
China* Macau
95%
Egypt Alexandria
89%
Germany Berlin
89%
China* Hong Kong
89%
SPOILER Singapore
89%
Egypt Cairo
86%
Spain Madrid
86%
Bosnia & Herzegovina Sarajevo
86%
Japan Tokyo
86%
Canada Toronto
86%
Colombia Bogota
84%
France Paris
84%
Italy Rome
84%
Belgium Antwerp
81%
Spain Barcelona
81%
Brazil Brasilia
81%
Malaysia Kuala Lumpur
81%
Kenya Nairobi
81%
Japan Osaka
81%
Canada Ottawa
81%
Nepal Kathmandu
78%
Italy Milan
78%
Netherlands Rotterdam
78%
Zimbabwe Harare
76%
Japan Kyoto
76%
United Kingdom London
76%
Germany Hamburg
73%
Germany Munich
68%
France Marseille
65%
South Africa Durban
62%
Ecuador Guayaquil
57%
Japan Yokohama
57%
Indonesia Bandung
49%
China Harbin
43%
No matching quizzes found
Score Distribution
Percent of People with Each Score
Percentile by Number Answered
Your Score History
You have not taken this quiz